000 00512cam a2200205 a 4500
001 1896092
005 20180214033701.0
008 840529s1984 maua 001 0 eng
010 _a 84011119
020 _a0884109836
040 _aDLC
_cDLC
_dDLC
041 _aeng
080 _a658.4012 HEN
082 0 0 _a658.4012 HEN
_219
100 1 _a54
101 _aLID
245 1 4 _aThe logic of business strategy /
_cBruce Henderson.
906 _a7
_bcbc
_corignew
_d1
_eocip
_f19
_gy-gencatlg
942 _2ddc
_cBK
999 _c42451
_d42451